00526 a2200157 4500010001400000020002300014035001300037037001500050082001200065100002100077245006400098260003300162270010600195300002700301500004000328 aENG-86522 a8183820263c175.00 aEN-70055 bDBAD / PUB14a370.1141 aJoshi, Dhananjay1 aValue education in global perspective /cby Dhananjay Joshi aNew DelhibLotus Pressc2006 a4263/3, Ansari Road, Darya GanjbNew Delhie110 002k011-32903912, 011-23290047mlotus_press@sify.com aiv, 195 p.c21cm (Pbk) aincludes bibliographical references